Guidelines on meetings planning and coordination (Record no. 45180)

MARC details
000 -LEADER
fixed length control field 00757nam a2200169 a 4500
008 - FIXED-LENGTH DATA ELEMENTS--GENERAL INFORMATION
fixed length control field 060830s2006 ||||||||||||||||| || u
050 ## - LIBRARY OF CONGRESS CALL NUMBER
Classification number UNO(02)
110 ## - MAIN ENTRY--CORPORATE NAME
Corporate name or jurisdiction name as entry element United Nations Economic and Social Affairs (UNESA)
245 10 - TITLE STATEMENT
Title Guidelines on meetings planning and coordination
Statement of responsibility, etc. by United Nations
260 ## - PUBLICATION, DISTRIBUTION, ETC.
Place of publication, distribution, etc. Geneva:
Name of publisher, distributor, etc. United Nations Organization
Date of publication, distribution, etc. 2006
300 ## - PHYSICAL DESCRIPTION
Extent 79p.: ill.
350 ## - PRICE (NR) (BK AM CF MU VM SE) [OBSOLETE]
Price 0.00
500 ## - GENERAL NOTE
General note Conference services division.central planning and coordination service.meetings coordination and servicing section.
650 ## - SUBJECT ADDED ENTRY--TOPICAL TERM
Topical term or geographic name entry element MEETINGS
650 ## - SUBJECT ADDED ENTRY--TOPICAL TERM
Topical term or geographic name entry element CENTRAL PLANNING -- CONGRESSES
995 ## - RECOMMENDATION 995 [LOCAL, UNIMARC FRANCE]
-- 0.00
-- CBU-MAIN LIBRARY (Kitwe)
-- 1
-- 0.00
-- 1
-- AVAILABLE
-- Aug 30, 2006
-- International Publications
Holdings
Withdrawn status Lost status Source of classification or shelving scheme Damaged status Not for loan Home library Current library Shelving location Date acquired Total Checkouts Full call number Barcode Date last seen Price effective from Koha item type
          CBU-MAIN LIBRARY, KITWE. CBU-MAIN LIBRARY, KITWE.   11/30/2022   UNO(02) 52553 11/30/2022 11/30/2022 MONOGRAPH